| 000 | 00833cam a2200253 a 4500 | ||
|---|---|---|---|
| 001 | 000005615 | ||
| 003 | DO-SdBNP | ||
| 005 | 20210928093116.0 | ||
| 007 | ta | ||
| 008 | 761112s 1949 sp b 001 0 spa | ||
| 040 |
_aDO-SdBNP _bspa _cBNPHU |
||
| 082 | 4 |
_aBNPHU 862.3 _bR918t |
|
| 100 | 1 |
_aRueda, Lope de, _d1510-1565 _915855 |
|
| 245 | 1 | 0 |
_aTeatro / _cLope de Rueda ; edición de J. Moreno Villa. |
| 260 |
_aMadrid, España : _bEspasa-Calpe, _c1949. |
||
| 300 |
_axxvii, 246 p. ; _c19 cm. |
||
| 490 | 1 |
_aClásicos castellanos _v59 |
|
| 505 | 0 |
_aComedia Eufemia -- _gComedia Armelina -- _gEl deleitoso. |
|
| 650 | 1 | 4 |
_aTeatro español _ySiglo XVI _915856 |
| 650 | 1 | 4 |
_aLiteratura española _ySiglo XVI _915857 |
| 700 | 1 |
_aMoreno Villa, J., _d1887-1955, _eed. _915858 |
|
| 830 | 0 |
_aClásicos castellanos ; _n59 _915859 |
|
| 942 |
_2ddc _cLBS1 |
||
| 999 |
_c5414 _d5414 |
||